[Event "AICF Women GM 2018"]
[Site "Mumbai"]
[Date "2018.06.17"]
[Round "9"]
[White "Munguntuul, Batkhuyag"]
[Black "Rakshitta Ravi"]
[Result "1-0"]
[WhiteElo "2410"]
[BlackElo "2067"]
[Annotator "TA"]
[PlyCount "95"]
[EventDate "2018.??.??"]
[EventType "tourn"]
[EventCountry "IND"]
[SourceTitle "playchess.com"]
[Source "ChessBase"]
[SourceQuality "1"]

{[%evp 24,95,0,0,91,100,97,82,99,103,96,105,336,350,358,360,323,341,329,333,387,297,293,309,327,264,271,275,274,270,275,267,279,271,261,258,242,249,325,321,316,308,276,289,396,395,395,391,408,403,429,466,650,631,1936,524,29962,29959,29964,29968,5189,5543,29975,29973,29970,29973,29980,29981,29985,29986,29989,29989,29989,29990]} 1. e4 e5 2. Nf3 Nc6 3. Bc4 Bc5 4. c3 Nf6 5. d4 exd4 6. e5 d5 7. Bb5 Ne4 8. cxd4 Bb6 9. h3 O-O 10. O-O f6 {C54: Giuoco Piano: 4 c3 Nf6, main lines with 5 d4 and 5 d3} 11. Bxc6 bxc6 12. Be3 fxe5 13. Nxe5 {[#] LiveBook: 6 Games} Qh4 $146 {[#]} (13... Ba6 $11 {remains equal.} 14. Re1 Qh4) ({Predecessor:} 13... Qd6 14. Nd2 Nxd2 15. Qxd2 c5 16. dxc5 Qxe5 17. cxb6 axb6 18. Rfe1 {½-½ (30) Jobava,B (2707)-Anand,V (2786) Leuven 2017}) 14. Nd2 $1 $16 Ba6 15. Ndf3 Qh5 16. Re1 Ba5 17. Ng5 Qe8 $2 {[#]} (17... Qxd1 $16 {was called for.} 18. Rexd1 Nxg5) 18. Nxe4 $18 dxe4 19. Qa4 Bxe1 20. Qxa6 Bxf2+ 21. Bxf2 Qe6 22. Qxc6 Qxc6 23. Nxc6 Rae8 24. Re1 (24. Nxa7 $6 e3 $18) 24... Rf6 25. Ne5 ({Don't play} 25. Nxa7 $6 Ra6 $16) 25... Rb6 26. Re2 ({Much less strong is} 26. Rxe4 $6 Rxb2 27. a3 Ra2 $16) 26... Ra6 27. a3 ({But not} 27. Rxe4 $6 Rxa2 28. b4 Ra4 $16) 27... c5 28. Rxe4 cxd4 29. Bxd4 Ra4 30. Rf4 g5 31. Rg4 Rxd4 32. Rxd4 Rxe5 {[%mdl 4096] Endgame KR-KR} 33. Rd8+ Kg7 34. Rd7+ Kg6 35. Rxa7 Re2 36. Rb7 h6 37. a4 {[%cal Ba3a4,Ba4a5,Ba5a6,Ba6a7][%mdl 32]} Kf5 38. a5 Re5 39. b4 (39. a6 $142 Ra5 40. a7) 39... Re2 40. a6 Ra2 41. b5 {[%cal Bb4b5,Bb5b6][%mdl 32]} Kf4 42. Kh2 h5 43. Rf7+ {White mates.} Ke4 44. a7 g4 45. hxg4 hxg4 46. b6 Ra3 47. Rf8 g3+ 48. Kh3 {Precision: White = 90%, Black = 31%.} 1-0

[Event "AICF Women GM 2018"]
[Site "Mumbai"]
[Date "2018.06.17"]
[Round "9"]
[White "Nakhbayeva, Guliskhan"]
[Black "Tomilova, Elena"]
[Result "1-0"]
[WhiteElo "2323"]
[BlackElo "2334"]
[Annotator "NA"]
[PlyCount "95"]
[EventDate "2018.??.??"]
[EventType "tourn"]
[EventCountry "IND"]
[SourceTitle "playchess.com"]
[Source "ChessBase"]
[SourceQuality "1"]
[TimeControl "40/5400+30:1800+30"]

1. d4 {[%emt 0:00:00]} d5 {[%emt 0:00:05]} 2. c4 {[%emt 0:00:00]} dxc4 {[%emt 0:00:05]} 3. Nf3 {[%emt 0:00:06]} Nf6 {[%emt 0:00:07]} 4. e3 {[%emt 0:00:10]} Bg4 {[%emt 0:00:10]} 5. Bxc4 {[%emt 0:00:46]} e6 {[%emt 0:00:05]} 6. Qb3 {[%emt 0:03:24]} Bxf3 {[%emt 0:00:17]} 7. gxf3 {[%emt 0:00:04]} Nbd7 {[%emt 0:00:10]} 8. Nc3 {[%emt 0:06:33]} Nb6 {[%emt 0:02:42]} 9. Be2 {[%emt 0:02:11] LiveBook: 27 Games} c6 {[%emt 0:05:36] D25: Queen's Gambit Accepted: 4 e3: sidelines and 4...Bg4} 10. Bd2 {[%emt 0:00:46]} Be7 {[%emt 0:01:09]} (10... g6 11. h4 h5 12. O-O-O Be7 13. Kb1 Qd7 14. Bc1 O-O-O 15. e4 Kb8 16. Bf4+ Ka8 17. Be3 {1-0 (38) Nisipeanu,L (2652)-Stevic,H (2605) Austria 2014}) 11. O-O-O $146 {[%emt 0:02:37]} ({Predecessor:} 11. Ne4 Qd5 12. Qc2 g6 13. Nc5 Rb8 14. b4 O-O 15. Bc3 Qd8 16. a3 Nbd7 17. Rd1 {0-1 (47) Skierus,A (1917)-Juknis,P (2161) Plateliai 2014}) 11... a5 {[%emt 0:04:22]} 12. a3 {[%emt 0:10:22]} O-O {[%emt 0:02:05]} 13. e4 {[%emt 0:02:05]} Qc7 {[%emt 0:04:31]} 14. Kb1 {[%emt 0:03:27]} Nbd7 {[%emt 0:09:05]} 15. Rc1 {[%emt 0:11:33]} Rfb8 {[%emt 0:15:47]} 16. e5 {[%emt 0:04:35]} Ne8 {[%emt 0:01:01]} 17. f4 {[%emt 0:00:45]} Qb6 {[%emt 0:05:28]} 18. Qa2 {[%emt 0:01:31]} Nc7 {[%emt 0:01:24]} 19. Be3 {[%emt 0:11:15]} Nd5 {[%emt 0:01:15]} 20. Nxd5 {[%emt 0:00:05]} cxd5 {[%emt 0:02:38]} 21. a4 {[%emt 0:02:55]} Rd8 {[%emt 0:05:38]} 22. f5 {[%emt 0:02:07]} exf5 {[%emt 0:06:33]} 23. Qxd5 {[%emt 0:00:13]} Nf6 {[%emt 0:00:25]} 24. Qf3 {[%emt 0:02:57]} Nd5 {[%emt 0:06:02]} 25. Qxf5 {[%emt 0:01:18]} g6 {[%emt 0:01:59]} (25... Qe6 $16 {keeps fighting.} 26. Qe4 Rac8) 26. Qd3 {[%emt 0:04:06]} Qe6 {[%emt 0:04:08]} 27. Qb3 {[%emt 0:03:04]} Rac8 {[%emt 0:05:09]} 28. Rxc8 {[%emt 0:01:26]} Rxc8 {[%emt 0:00:12]} 29. Rc1 {[%emt 0:00:40]} Rxc1+ {[%emt 0:02:23]} 30. Bxc1 {[%emt 0:00:14]} Qf5+ {[%emt 0:01:34]} (30... Nb4 $16 {was worth a try.} 31. Qxe6 fxe6) 31. Bd3 {[%emt 0:02:58]} Qf3 {[%emt 0:00:55]} 32. Bc4 {[%emt 0:01:30]} Qe4+ {[%emt 0:00:55]} 33. Qd3 {[%emt 0:00:15]} Qh1 {[%emt 0:00:24]} 34. Qb3 {[%emt 0:04:02]} Qe4+ {[%emt 0:04:16]} 35. Qd3 {[%emt 0:00:57]} Qh1 {[%emt 0:00:08]} 36. Bb3 {[%emt 0:05:35]} Nb4 {[%emt 0:02:56]} 37. Qe3 {[%emt 0:00:22]} Nd5 {[%emt 0:02:02]} 38. Qe2 {[%emt 0:02:22]} Nb4 $18 {[%emt 0:00:59]} (38... Kg7 {was necessary.} 39. Qc4 Bg5 40. Qxd5 Qxc1+ 41. Ka2 Qf4 42. Qxb7 Qxd4) 39. Qc4 {[%emt 0:04:20]} Qf3 {[%emt 0:01:08]} 40. Ka1 {[%emt 0:02:42]} Qxf2 {[%emt 0:32:03]} 41. e6 {[%emt 0:31:21]} f5 {[%emt 0:00:00]} 42. Qc8+ {[%emt 0:00:00]} Kg7 {[%emt 0:00:00]} 43. Qe8 {[%emt 0:00:00]} Qh4 {[%emt 0:00:00]} 44. Qf7+ {[%emt 0:00:00]} Kh8 {[%emt 0:00:00]} 45. d5 {[%emt 0:00:00]} Qf6 {[%emt 0:00:00]} 46. d6 {[%emt 0:00:00]} Qxf7 {[%emt 0:00:00]} 47. exf7 {[%emt 0:00:00]} Bxd6 {[%emt 0:00:00]} 48. Bf4 {[%emt 0:00:00]} 1-0

[Event "AICF Women GM 2018"]
[Site "Mumbai"]
[Date "2018.06.17"]
[Round "9"]
[White "Aakanksha Hagawane"]
[Black "Divya Deshmukh"]
[Result "1-0"]
[WhiteElo "2297"]
[BlackElo "2138"]
[Annotator "NA"]
[PlyCount "83"]
[EventDate "2018.??.??"]
[EventType "tourn"]
[EventCountry "IND"]
[SourceTitle "playchess.com"]
[Source "ChessBase"]
[SourceQuality "1"]
[TimeControl "40/5400+30:1800+30"]

{[%evp 11,73,0,12,17,25,-25,19,32767,-7,-3,32767,0,-18,-37,16,-19,-8,-12,0,-14,32767,115,74,73,77,9,104,92,245,280,283,334,32767,32767,32767,32767,32767,32767,32767,32767,32767,627,32767,179,32767,32767,32767,32767,32767,32767,32767,32767,32767,32767,32767,949,1055,32767,32767,32767,32767,6303,32767,29980]} 1. e4 {[%emt 0:00:00]} e6 {[%emt 0:00:04]} 2. d4 {[%emt 0:00:00]} d5 {[%emt 0:00:04]} 3. e5 {[%emt 0:00:00]} c5 {[%emt 0:00:03]} 4. c3 {[%emt 0:00:00]} Nc6 {[%emt 0:00:04]} 5. Nf3 {[%emt 0:00:07]} Bd7 {[%emt 0:00:02]} 6. a3 {[%emt 0:01:08]} f6 {[%emt 0:00:04]} 7. Bd3 {[%emt 0:01:21]} fxe5 {[%emt 0:00:15]} 8. dxe5 {[%emt 0:00:41] LiveBook: 24 Games} (8. Nxe5 $5 {[%cal Rd1h5]} Nf6 9. Nxd7 Qxd7 10. Be3 $11) 8... Qc7 {[%emt 0:00:13] C02: French: Advance Variation} 9. Bf4 {[%emt 0:02:32]} Nge7 {[%emt 0:02:32]} (9... O-O-O 10. Nbd2 h6 11. h4 Be8 12. h5 c4 13. Bc2 Qf7 14. Bg6 Qd7 15. Bxe8 Rxe8 16. b3 {1-0 (44) Penzold,A (2387)-Berger,S (2407) Germany 2016}) 10. O-O {[%emt 0:01:20]} g6 {[%emt 0:01:41]} 11. Re1 {[%emt 0:07:13]} Bg7 {[%emt 0:01:03]} 12. h4 $146 {[%emt 0:00:47]} ({Predecessor:} 12. Nbd2 Rf8 13. Bg3 Nf5 14. c4 d4 15. Bf4 Nh4 16. g3 Nxf3+ 17. Nxf3 {1-0 (24) Daoudi,K (2165)-Andersen,D (1884) Caleta 2012}) 12... O-O-O {[%emt 0:04:12]} 13. Nbd2 {[%emt 0:01:44]} Rdf8 {[%emt 0:03:23]} 14. Bh2 {[%emt 0:02:13]} c4 {[%emt 0:04:00]} 15. Bc2 {[%emt 0:01:54]} h6 {[%emt 0:00:40] [#]} 16. b3 $1 {[%emt 0:01:48]} cxb3 {[%emt 0:05:12]} 17. Nxb3 {[%emt 0:05:15]} g5 {[%emt 0:04:45]} 18. Nbd4 {[%emt 0:03:35]} (18. Nc5 $16) 18... g4 {[%emt 0:20:22] [#]} (18... Nxd4 $11 19. Nxd4 Kb8) 19. Nb5 $1 {[%emt 0:01:32]} Qb8 {[%emt 0:00:07]} (19... Qd8 $16 20. Nfd4 (20. Nd6+ Kb8 $14) 20... Nxd4 21. Nd6+ (21. Nxd4 h5 $11) (21. Nxa7+ Kb8 $15) 21... Kb8 22. Qxd4 h5) 20. Nd6+ {[%emt 0:02:18]} Kd8 {[%emt 0:05:39]} 21. Nd4 {[%emt 0:01:19]} h5 {[%emt 0:04:05]} 22. Rb1 {[%emt 0:15:23]} b6 {[%emt 0:00:33]} 23. Nxc6+ {[%emt 0:07:57]} Bxc6 {[%emt 0:07:30]} 24. c4 {[%emt 0:00:45]} Qa8 {[%emt 0:06:07]} 25. Qd4 {[%emt 0:05:04]} Nc8 {[%emt 0:05:40]} 26. cxd5 {[%emt 0:09:07]} Bxd5 {[%emt 0:00:10]} 27. Nxc8 {[%emt 0:00:12]} (27. Ba4 $142) 27... Qxc8 {[%emt 0:00:19]} 28. Bb3 {[%emt 0:00:06]} Ke7 {[%emt 0:06:55]} 29. Bxd5 {[%emt 0:03:01]} exd5 {[%emt 0:00:06]} 30. Qb4+ {[%emt 0:00:05]} Kf7 {[%emt 0:00:11]} 31. e6+ {[%emt 0:01:05]} Kg6 {[%emt 0:00:19]} 32. Rbc1 {[%emt 0:00:33]} Qe8 {[%emt 0:00:12]} 33. Rc7 {[%emt 0:02:15]} Rf5 {[%emt 0:01:43]} 34. Rxg7+ {[%emt 0:04:18]} Kxg7 {[%emt 0:00:04]} 35. Be5+ {[%emt 0:00:05]} Kg6 {[%emt 0:03:54]} 36. Bxh8 {[%emt 0:00:11]} Qxh8 {[%emt 0:00:03]} 37. e7 {[%emt 0:00:52]} Qe8 {[%emt 0:00:15]} 38. Qd6+ {[%emt 0:00:20]} Kg7 {[%emt 0:00:18]} 39. Qe6 {[%emt 0:00:29]} Rf7 {[%emt 0:02:02]} 40. Re5 {[%emt 0:00:08]} Rf4 {[%emt 0:31:17]} 41. Rg5+ {[%emt 0:30:30]} Kh7 {[%emt 0:00:07]} 42. Qe5 {[%emt 0:00:13]} 1-0

[Event "AICF Women GM 2018"]
[Site "Mumbai"]
[Date "2018.06.17"]
[Round "9"]
[White "Monnisha G K"]
[Black "Vo, Thi Kim Phung"]
[Result "1/2-1/2"]
[WhiteElo "2295"]
[BlackElo "2376"]
[Annotator "NA"]
[PlyCount "101"]
[EventDate "2018.??.??"]
[EventType "tourn"]
[EventCountry "IND"]
[SourceTitle "playchess.com"]
[Source "ChessBase"]
[SourceQuality "1"]
[TimeControl "40/5400+30:1800+30"]

1. e4 {[%emt 0:00:00]} e6 {[%emt 0:00:09]} 2. d4 {[%emt 0:00:00]} d5 {[%emt 0:00:06]} 3. Nc3 {[%emt 0:00:00]} Nf6 {[%emt 0:00:07]} 4. e5 {[%emt 0:00:00]} Nfd7 {[%emt 0:00:07]} 5. f4 {[%emt 0:00:00]} c5 {[%emt 0:00:11]} 6. Be3 {[%emt 0:00:32]} Nc6 {[%emt 0:00:18]} 7. Nf3 {[%emt 0:00:05]} Be7 {[%emt 0:00:29]} 8. Qd2 {[%emt 0:00:19]} b6 {[%emt 0:00:49] C11: French: Classical System: 4 e5 and 4 Bg5 dxe4} 9. Be2 {[%emt 0:01:34] LiveBook: 37 Games} (9. Bb5 Qc7 10. O-O-O a6 11. Bxc6 Qxc6 12. f5 c4 13. f6 gxf6 14. exf6 Bxf6 15. Rhf1 b5 16. Qf2 {1-0 (30) Caruana,F (2804)-Akobian,V (2647) Saint Louis 2018}) 9... Bb7 {[%emt 0:00:58]} 10. O-O {[%emt 0:00:09]} O-O {[%emt 0:00:23]} 11. Nd1 {[%emt 0:01:04]} cxd4 {[%emt 0:00:15]} 12. Nxd4 {[%emt 0:00:11]} Nc5 {[%emt 0:00:19]} 13. Nf2 {[%emt 0:01:54]} Ne4 {[%emt 0:02:23]} 14. Nxe4 {[%emt 0:02:01]} dxe4 {[%emt 0:00:07]} 15. Nxc6 $146 {[%emt 0:00:30]} ({Predecessor:} 15. Rad1 Nxd4 16. Bxd4 {½-½ (57) Abdumalik,Z (2449)-Vo,T (2380) Riadh 2017}) 15... Bxc6 {[%emt 0:00:07]} 16. Rfd1 {[%emt 0:00:42]} Qc8 {[%emt 0:01:03]} 17. Bc4 {[%emt 0:07:31]} Rd8 {[%emt 0:01:43]} 18. Qe2 {[%emt 0:00:17]} Qc7 {[%emt 0:01:19]} 19. Kf2 {[%emt 0:08:17]} g6 {[%emt 0:00:22]} (19... b5 $5 20. Bxb5 Bxb5 21. Qxb5 Qxc2+ 22. Qe2 Qc6 $11) 20. g3 {[%emt 0:00:55]} Bd5 {[%emt 0:00:28]} (20... b5 $15 21. Bb3 a5) 21. Bxd5 {[%emt 0:02:21]} exd5 {[%emt 0:00:28]} 22. Bd4 {[%emt 0:02:38]} Rac8 {[%emt 0:00:32]} 23. c3 {[%emt 0:00:32]} Qc6 {[%emt 0:00:48]} 24. Qa6 {[%emt 0:03:08]} Rd7 {[%emt 0:02:42]} 25. a4 {[%emt 0:03:31]} Rcc7 {[%emt 0:02:28]} 26. a5 {[%emt 0:03:20]} b5 {[%emt 0:01:50]} (26... Bc5 $11 {remains equal.}) 27. Qxc6 {[%emt 0:00:08]} Rxc6 {[%emt 0:00:05]} 28. a6 {[%emt 0:01:33]} Bd8 {[%emt 0:00:56]} 29. Rd2 {[%emt 0:03:04]} Kf8 {[%emt 0:00:30]} 30. g4 {[%emt 0:01:51]} f6 {[%emt 0:03:54]} 31. exf6 {[%emt 0:03:47]} Bxf6 {[%emt 0:00:03]} 32. Ra5 {[%emt 0:01:14]} Be7 {[%emt 0:10:29]} 33. Rxb5 {[%emt 0:01:01]} Rxa6 $16 {[%emt 0:00:06]} 34. Be5 {[%emt 0:01:24]} Rb6 {[%emt 0:00:41]} 35. Rxb6 {[%emt 0:07:48]} axb6 {[%emt 0:00:02]} 36. c4 {[%emt 0:00:25]} Bc5+ {[%emt 0:00:15]} 37. Bd4 {[%emt 0:00:29]} Bb4 {[%emt 0:01:22]} 38. Rc2 {[%emt 0:05:55]} Rc7 {[%emt 0:08:18]} 39. Bxb6 {[%emt 0:00:53]} Rxc4 {[%emt 0:00:48]} 40. Rxc4 {[%emt 0:00:26]} dxc4 {[%emt 0:30:02]} 41. Ke3 {[%emt 0:31:39]} c3 {[%emt 0:00:10]} 42. bxc3 {[%emt 0:00:07]} Bxc3 {[%emt 0:00:05]} 43. Kxe4 {[%emt 0:00:07]} Be1 {[%emt 0:01:54]} 44. Ke5 {[%emt 0:00:19]} Kf7 {[%emt 0:00:06]} 45. f5 {[%emt 0:00:31]} Bc3+ {[%emt 0:01:04]} 46. Bd4 {[%emt 0:00:48]} Ba5 {[%emt 0:00:20]} 47. h3 {[%emt 0:00:16]} Bc7+ {[%emt 0:01:08]} 48. Ke4 {[%emt 0:00:03]} Bd6 {[%emt 0:00:31]} 49. Be5 {[%emt 0:00:08]} Bb4 {[%emt 0:00:19]} 50. Kf4 {[%emt 0:00:11]} Bd2+ {[%emt 0:00:09]} 51. Ke4 {[%emt 0:00:05]} 1/2-1/2

[Event "AICF Women GM 2018"]
[Site "Mumbai"]
[Date "2018.06.17"]
[Round "9"]
[White "Vantika Agrawal"]
[Black "Tokhirjonova, Gulrukhbegim"]
[Result "1-0"]
[WhiteElo "2279"]
[BlackElo "2379"]
[Annotator "NA"]
[PlyCount "95"]
[EventDate "2018.??.??"]
[EventType "tourn"]
[EventCountry "IND"]
[SourceTitle "playchess.com"]
[Source "ChessBase"]
[SourceQuality "1"]
[TimeControl "40/5400+30:1800+30"]

1. Nf3 {[%emt 0:00:00]} d5 {[%emt 0:00:06]} 2. g3 {[%emt 0:00:00]} Bg4 {[%emt 0:00:22]} 3. Bg2 {[%emt 0:00:00]} c6 {[%emt 0:00:13]} 4. c4 {[%emt 0:00:01]} e6 {[%emt 0:00:45]} 5. O-O {[%emt 0:00:39]} Nd7 {[%emt 0:00:22]} 6. cxd5 {[%emt 0:00:43]} exd5 {[%emt 0:03:49]} 7. d3 {[%emt 0:00:33]} Ngf6 {[%emt 0:00:09]} 8. Nc3 {[%emt 0:00:48]} Be7 {[%emt 0:01:01]} 9. Qc2 {[%emt 0:03:34]} O-O {[%emt 0:03:24]} 10. e4 {[%emt 0:03:36]} Nc5 {[%emt 0:11:57] A11: Reti-Eröffnung} 11. h3 {[%emt 0:24:32]} (11. Ne5 Be6 12. Kh1 Nfd7 13. Nf3 Nb6 14. Rd1 Rc8 15. Nd4 Bg4 16. f3 Bd7 17. Be3 g6 18. Qf2 {½-½ (50) Rapport,R (2693)-Duda,J (2658) Reykjavik 2015}) 11... Bxf3 {[%emt 0:07:43]} 12. Bxf3 {[%emt 0:00:22]} dxe4 {[%emt 0:00:54]} 13. dxe4 {[%emt 0:01:07]} Qd3 {[%emt 0:01:44]} 14. Qxd3 {[%emt 0:06:27]} Nxd3 {[%emt 0:01:10] LiveBook: 4 Games} 15. Be3 {[%emt 0:17:46]} Nxb2 $146 {[%emt 0:05:20]} ({Vorgänger:} 15... Bc5 16. Rad1 Rfd8 17. Bxc5 Nxc5 18. Bg2 {1-0 (52) Dastan,B (2432)-Citak,S (2340) Kocaeli 2014}) 16. Rfb1 {[%emt 0:00:52]} Nc4 {[%emt 0:00:24]} 17. Rxb7 {[%emt 0:00:39]} Ba3 {[%emt 0:08:21]} 18. Bc1 {[%emt 0:07:23]} Bc5 {[%emt 0:01:44]} 19. Bf4 {[%emt 0:02:36]} Rfd8 {[%emt 0:05:52]} 20. Rc1 {[%emt 0:08:01]} Na5 {[%emt 0:07:57]} 21. Rbb1 {[%emt 0:00:38]} Ba3 {[%emt 0:09:36]} 22. Rd1 {[%emt 0:05:24]} h6 {[%emt 0:05:32]} 23. Rxd8+ {[%emt 0:12:26]} Rxd8 {[%emt 0:00:04]} 24. Be2 {[%emt 0:01:05]} Rd7 {[%emt 0:01:39]} 25. Rb8+ {[%emt 0:01:29]} Kh7 {[%emt 0:00:05]} 26. e5 {[%emt 0:00:25]} Ng8 {[%emt 0:02:06]} 27. Ne4 {[%emt 0:00:45]} Ne7 {[%emt 0:03:23]} 28. Nd6 {[%emt 0:01:20]} Ng6 {[%emt 0:05:04]} 29. Bd3 {[%emt 0:00:41]} f6 {[%emt 0:04:28]} 30. e6 {[%emt 0:00:26]} Rxd6 {[%emt 0:01:11]} 31. e7 {[%emt 0:00:28]} Rxd3 {[%emt 0:01:47]} 32. e8=Q {[%emt 0:00:10]} Rd1+ {[%emt 0:00:04]} 33. Kg2 {[%emt 0:00:17]} Nxf4+ {[%emt 0:00:08]} 34. gxf4 {[%emt 0:00:05]} Rd5 {[%emt 0:00:29]} 35. f5 {[%emt 0:00:42]} Rxf5 {[%emt 0:00:33]} 36. Qe4 {[%emt 0:00:04]} Kg6 {[%emt 0:00:04]} 37. h4 {[%emt 0:01:46]} h5 {[%emt 0:00:04]} 38. Rb1 {[%emt 0:00:33]} Bc5 {[%emt 0:00:37]} 39. f3 {[%emt 0:00:30]} Bb6 {[%emt 0:00:40]} 40. Rh1 {[%emt 0:00:33]} Nb7 {[%emt 0:32:09]} 41. Qe8+ {[%emt 0:02:53]} Kh6 $18 {[%emt 0:00:00]} 42. Qd7 {[%emt 0:00:36]} Rb5 {[%emt 0:00:00]} 43. Qxb7 {[%emt 0:00:42]} Rb2+ {[%emt 0:00:00]} 44. Kh3 {[%emt 0:00:36]} Rc2 {[%emt 0:00:00]} 45. Rh2 {[%emt 0:09:32]} Rc3 {[%emt 0:00:00]} 46. Rg2 {[%emt 0:06:03]} g5 {[%emt 0:00:00]} 47. hxg5+ {[%emt 0:00:13]} fxg5 {[%emt 0:00:00]} 48. Rxg5 {[%emt 0:00:25]} 1-0

[Event "AICF Women GM 2018"]
[Site "Mumbai"]
[Date "2018.06.17"]
[Round "9"]
[White "Srija, Seshadri"]
[Black "Zozulia, Anna"]
[Result "1-0"]
[WhiteElo "2207"]
[BlackElo "2314"]
[Annotator "NA"]
[PlyCount "59"]
[EventDate "2018.??.??"]
[EventType "tourn"]
[EventCountry "IND"]
[SourceTitle "playchess.com"]
[Source "ChessBase"]
[SourceQuality "1"]
[TimeControl "40/5400+30:1800+30"]

{[%evp 8,53,57,46,45,32767,32767,32767,42,17,7,32767,37,-16,0,-9,8,14,25,-86,54,58,32767,32767,32767,32767,32767,32767,32767,32767,32767,32767,32767,32767,32767,383,501,32767,661,32767,552,786,32767,32767,32767,32767,32767,442]} 1. e4 {[%emt 0:00:07]} g6 {[%emt 0:00:38]} 2. d4 {[%emt 0:00:09]} Bg7 {[%emt 0:00:03]} 3. Nc3 {[%emt 0:00:07]} d6 {[%emt 0:00:23]} 4. f4 {[%emt 0:00:11]} a6 {[%emt 0:00:11] LiveBook: 1138 Games} 5. Nf3 {[%emt 0:01:02]} e6 {[%emt 0:01:54] B06: Modern Defence} (5... b5 6. Bd3 Nd7 7. e5 c5 8. Be4 Rb8 9. O-O cxd4 10. Nxd4 dxe5 11. Nc6 Qb6+ 12. Kh1 Ngf6 13. Nxb8 Qxb8 14. fxe5 Nxe4 15. Nxe4 Qxe5 {½-½ (37) Cornette,M (2611)-Nakamura,H (2781) chess.com INT 2018}) 6. a4 {[%emt 0:01:55]} Ne7 {[%emt 0:02:32]} 7. Be2 {[%emt 0:01:30]} Nd7 {[%emt 0:00:53]} 8. O-O {[%emt 0:00:32]} b6 {[%emt 0:01:51]} 9. Be3 {[%emt 0:01:24]} Bb7 {[%emt 0:00:41]} 10. g4 $146 {[%emt 0:09:46]} ({Predecessor:} 10. Nd2 O-O 11. Bf3 d5 12. e5 {0-1 (83) Uzumcu,A (2223)-Ozen,B (2315) Kocaeli 2017}) 10... h5 {[%emt 0:08:58]} 11. g5 {[%emt 0:01:17]} c6 {[%emt 0:13:35]} 12. Nh4 {[%emt 0:04:43]} c5 {[%emt 0:04:12]} 13. f5 {[%emt 0:11:55] [#]} (13. d5 $14 {keeps the upper hand.}) 13... exf5 {[%emt 0:04:45]} (13... Nxf5 $1 $17 14. Nxf5 gxf5) 14. exf5 {[%emt 0:02:23]} Bxd4 {[%emt 0:15:14]} 15. Bxd4 {[%emt 0:02:31]} cxd4 {[%emt 0:00:03]} 16. Qxd4 {[%emt 0:02:31]} Ne5 {[%emt 0:00:59]} 17. Ne4 {[%emt 0:04:08]} Bxe4 {[%emt 0:04:53]} 18. Qxe4 {[%emt 0:00:02]} Qc8 {[%emt 0:06:23]} 19. fxg6 {[%emt 0:09:02]} fxg6 {[%emt 0:00:04]} 20. Rf6 {[%emt 0:02:06]} Ra7 {[%emt 0:13:23]} 21. Rd1 {[%emt 0:05:56]} Qc5+ {[%emt 0:04:38]} 22. Kh1 {[%emt 0:01:22]} Nf7 {[%emt 0:00:42]} 23. Re6 {[%emt 0:11:05]} Kd8 {[%emt 0:09:20]} 24. Nxg6 {[%emt 0:01:21]} Nxg6 {[%emt 0:01:47]} 25. Qxg6 {[%emt 0:09:33]} Qc6+ {[%emt 0:00:20]} 26. Kg1 {[%emt 0:00:05]} Qc5+ {[%emt 0:00:07]} 27. Kf1 $18 {[%emt 0:00:12]} Kc8 {[%emt 0:03:22]} 28. Rf6 {[%emt 0:05:24]} Nxg5 {[%emt 0:00:50]} 29. Rdxd6 {[%emt 0:02:02]} Rc7 {[%emt 0:01:43]} 30. Rc6 {[%emt 0:00:56]} 1-0

[Event "AICF Women GM 2018"]
[Site "Mumbai"]
[Date "2018.06.18"]
[Round "10"]
[White "Tokhirjonova, Gulrukhbegim"]
[Black "Aakanksha Hagawane"]
[Result "1/2-1/2"]
[WhiteElo "2379"]
[BlackElo "2297"]
[Annotator "NA RC"]
[PlyCount "80"]
[EventDate "2018.??.??"]
[EventType "tourn"]
[EventCountry "IND"]
[SourceTitle "playchess.com"]
[Source "ChessBase"]
[SourceQuality "1"]
[TimeControl "40/5400+30:1800+30"]

{[%evp 13,77,33,32767,32767,32767,25,32767,32767,33,33,78,16,21,20,15,8,0,0,0,0,0,-16,0,-8,32767,32767,32767,32767,32767,-4,0,-2,0,32767,-6,-10,-8,-20,0,0,0,0,0,-7,-8,32767,32767,32767,32767,32767,32767,32767,32767,32767,32767,32767,32767,32767,32767,32767,0,32767,32767,32767,32767,0]} 1. d4 {[%emt 0:00:00]} Nf6 {[%emt 0:00:13]} 2. c4 {[%emt 0:00:00]} Nc6 {[%emt 0:00:14]} 3. Nf3 {[%emt 0:01:13]} e6 {[%emt 0:00:13]} 4. a3 {[%emt 0:01:14]} d6 {[%emt 0:00:35]} 5. Nc3 {[%emt 0:00:27]} g6 {[%emt 0:00:41]} 6. e4 {[%emt 0:01:11]} Bg7 {[%emt 0:00:21]} 7. Be2 {[%emt 0:01:38]} O-O {[%emt 0:00:59]} 8. O-O {[%emt 0:00:34]} Re8 {[%emt 0:01:21] E10: Blumenfeld Gambit} 9. h3 {[%emt 0:02:59]} (9. d5 exd5 10. cxd5 Ne7 11. Bf4 c6 12. Re1 cxd5 13. exd5 Nf5 14. Qb3 Nd7 15. Bb5 Rxe1+ 16. Rxe1 {1-0 (36) Krasenkow,M (2630)-Jones,G (2660) Porticcio 2017}) 9... e5 {[%emt 0:01:26]} 10. dxe5 {[%emt 0:01:24]} dxe5 {[%emt 0:01:54]} 11. Be3 {[%emt 0:02:19] LiveBook: 7 Games} Qe7 {[%emt 0:08:41]} (11... Nh5 $11) 12. Rc1 $146 {[%emt 0:17:33]} ({Predecessor:} 12. Re1 $16 Be6 13. Nd5 Bxd5 14. exd5 Nb8 15. c5 e4 16. Nh2 {1-0 (24) Cvitan,O (2491)-Tomazini,Z (2414) Tallinn 2016}) 12... Nd4 $1 {[%emt 0:09:57]} 13. Nxd4 {[%emt 0:08:54]} exd4 {[%emt 0:00:09]} 14. Bxd4 {[%emt 0:00:03]} Nxe4 {[%emt 0:03:26]} 15. Nd5 {[%emt 0:00:46]} Qd8 {[%emt 0:03:16]} 16. Bf3 {[%emt 0:17:49]} c6 {[%emt 0:07:46]} 17. Bxg7 {[%emt 0:00:39]} Kxg7 {[%emt 0:02:14]} 18. Qd4+ {[%emt 0:01:49]} Nf6 {[%emt 0:00:08]} 19. Qxf6+ {[%emt 0:01:00]} Qxf6 {[%emt 0:00:07]} 20. Nxf6 {[%emt 0:00:07]} Kxf6 {[%emt 0:00:02]} 21. b4 {[%emt 0:00:09]} a6 {[%emt 0:04:34]} 22. a4 {[%emt 0:02:18]} Bf5 {[%emt 0:03:14]} 23. Rfd1 {[%emt 0:06:37]} Rad8 {[%emt 0:04:27]} 24. Rxd8 {[%emt 0:01:48]} Rxd8 {[%emt 0:00:01]} 25. b5 {[%emt 0:00:14]} axb5 {[%emt 0:05:12]} 26. cxb5 {[%emt 0:01:19]} cxb5 {[%emt 0:00:26]} 27. axb5 {[%emt 0:00:02]} Rd7 {[%emt 0:00:21]} 28. Ra1 {[%emt 0:10:35]} Bd3 {[%emt 0:04:02]} 29. Ra7 {[%emt 0:06:08]} Bxb5 {[%emt 0:00:40]} 30. Rxb7 {[%emt 0:00:04]} Rxb7 {[%emt 0:00:09]} 31. Bxb7 {[%emt 0:00:02]} h5 {[%emt 0:01:11]} 32. h4 {[%emt 0:00:12]} Bc4 {[%emt 0:00:10]} 33. Kh2 {[%emt 0:00:06]} Be6 {[%emt 0:01:21]} 34. Kg3 {[%emt 0:00:04]} Ke5 {[%emt 0:00:35]} 35. Bc6 {[%emt 0:00:15]} Kd6 {[%emt 0:00:28]} 36. Be8 {[%emt 0:00:24]} Ke5 {[%emt 0:00:10]} 37. Ba4 {[%emt 0:01:30]} Bd5 {[%emt 0:00:42]} 38. Be8 {[%emt 0:00:09]} Be6 {[%emt 0:00:07]} 39. Bc6 $11 {[%emt 0:00:17]} Kd6 {[%emt 0:00:29]} 40. Be8 {[%emt 0:00:08]} Ke5 {[%emt 0:30:06]} 1/2-1/2